Science Quiz

Random Science or Geology Quiz

10 to 1: Sporcle Science Quiz Stats

 Plays Quiz not verified by Sporcle

Score 0/55 Timer 07:00
2 Plays Today
% Correct
Amphibians
98.9%
Fishes
98.3%
Birds
98.3%
Mammals
98.3%
Arachnids
98.3%
Insects
98%
Reptiles
97.8%
Crustaceans
97%
Mollusks
96.6%
Aluminium
94.3%
Gallium
93.1%
Thallium
92.8%
Indium
92.5%
Hardness
91.8%
Tin
91.7%
Polonium
91.5%
Java
91.4%
Trigonometry
91.3%
Neutrons
91.2%
Corals
91%
Protons
91%
Differential Geometry
90.9%
Lead
90.1%
Scientist
89.9%
Geometry
89.2%
Color
88.8%
Frontal
87%
Parietal
86.4%
% Correct
Occipital
86.3%
Smell
85.7%
Taste
85.5%
Bismuth
85.5%
Fortran
81.8%
Quantum Mechanics
81.7%
Caml
81.2%
Temporal
81.1%
Luster
80.6%
Magnetism
80%
Effervescence
77.7%
Big Bang
73.8%
Elliptical
73.4%
Python
73.3%
Spiral
72.5%
Relativity
70.3%
Pascal
69.2%
Measure Theory
68.4%
Lisp
68%
Classical Mechanics
65.2%
Swift
65.1%
Irregular
63.6%
Specific Gravity
54.6%
Streak
52.1%
Topology
43.1%
Steady State
42.2%
Plum Pudding
30.1%

You're not logged in!

Compare scores with friends on all Sporcle quizzes.
OR
Log In

You Might Also Like...

Show Comments

Extras

Top Quizzes Today


Score Distribution

Your Account Isn't Verified!

In order to create a playlist on Sporcle, you need to verify the email address you used during registration. Go to your Sporcle Settings to finish the process.

Report this User

Report this user for behavior that violates our Community Guidelines.

Details: